قانون التأويل

Bibliographic Details
Main Author: غزالي , 1058-1111 (Author)
Other Authors: كوثرى، محمد زاهد بن الحسن (Editor)
Format: Book
Language:Arabic
Published: القاهرة : المكتبة الأزهرية للتراث 2017
Series:من تراث الكوثري 46
Subjects:

MARC

LEADER 00000cam a2200000 7i4500
001 0000099862
005 20211227093000.0
008 201105s2017 ua ara
020 |a 9773150798 
040 |a UniSZA   |e rda 
050 0 0 |a BP160   |b .G43 2017 
090 0 0 |a BP160   |b .G43 2017 
100 1 |a غزالي ,   |d 1058-1111 ,   |e author 
241 1 0 |a Qanun al-ta'wil 
245 1 0 |a قانون التأويل   |c تاليف ابي حامد محمد بن محمد الغزالي الطوسى، عرف الكتاب وحققه العلامة المحقق الكبير محمد زاهد بن الحسن الكوثرى 
264 1 |a القاهرة :   |b المكتبة الأزهرية للتراث   |c 2017 
300 |a 16 pages ;   |c 24 cm. 
336 |a text  |2 rdacontent 
337 |a unmediated  |2 rdamedia 
338 |a volume  |2 rdacarrier 
490 1 |a من تراث الكوثري   |v 46 
650 0 |a Islam   |v Early works to 1800 
650 0 |a Islam   |x Doctrines   |v Early works to 1800 
700 1 |a كوثرى، محمد زاهد بن الحسن ,   |e editor 
999 |a 1000181290   |b Book   |c OPEN SHELF (30 DAYS)   |e Gong Badak Campus